| 000 | 00764cam a2200265 4500 | ||
|---|---|---|---|
| 008 | 090401t1995 xxu||||| |||| 00| 0 eng d | ||
| 020 | _a1860810357 | ||
| 035 | _a(Sirsi) u59379 | ||
| 041 | _aeng | ||
| 050 | _a546.73 | ||
| 100 | _aButler, D.J.G. | ||
| 245 | _aPhase-out of CFCs and HCFCs: options for owners and operators of air-conditioning systems. | ||
| 260 |
_aGarston, Watford _bBuilding Research Establishment _c1995 |
||
| 300 | _a(4)p. ; 30cm. | ||
| 350 | _a0 | ||
| 490 |
_aBRE Information Paper _v14/95 |
||
| 650 | _aCFCS | ||
| 650 | _aCHLOROFLUOROCARBONS | ||
| 650 | _aHCFCS | ||
| 650 | _aHYDROCHLOROFLUOROCARBONS | ||
| 690 |
_aBlock management _96220 |
||
| 710 | _aBuilding Research Establishment | ||
| 942 | _n0 | ||
| 948 | _c04/03/1997 | ||
| 999 |
_c94138 _d94138 |
||